000 00717nam a22002297a 4500
005 20171219154052.0
008 090109t xxu||||| |||| 00| 0urd d
010 _aA-466026
020 _c70.00
_a-
035 _aA-466026
037 _bBPPD
040 _aDPL
_bUrdu
082 _a954.7
100 _aعز یز ملک
245 _aپو ٹھو ہا ر
_c عز یز ملک
246 _aPothohar
_bBy Aziz Malik
260 _aIslamabad
_bLok Warsa Ashaat Ghar,
_c1987
270 _aPost Box 1184,
_bIslamabad
_e-
_k-
300 _a215ص
_c22 cm(hb)
942 _2ddc
_cUR
_h954.7
_mع ز ی
999 _c148081
_d148081